| 000 | 00361nam a2200145 a 4500 | ||
|---|---|---|---|
| 082 | 0 | 0 |
_a320.954 _bRAM |
| 100 | _aRam, P R | ||
| 245 | _aSecular Challenge to Communal Politics | ||
| 260 |
_aMumbai _bVikas Adhyayan Kendra _c0000 |
||
| 300 | _a306p | ||
| 500 | _aincludes index and biblioraphy | ||
| 650 | _aSecularism-India | ||
| 700 | 1 | _aRam, P R | |
| 942 | _cBK | ||
| 999 |
_c19044 _d19044 |
||